<?xml version="1.0" encoding="UTF-8"?>
<record
    xmlns:xsi="http://www.w3.org/2001/XMLSchema-instance"
    xsi:schemaLocation="http://www.loc.gov/MARC21/slim http://www.loc.gov/standards/marcxml/schema/MARC21slim.xsd"
    xmlns="http://www.loc.gov/MARC21/slim">

  <leader>02677    a2200289   4500</leader>
  <controlfield tag="001">22375</controlfield>
  <controlfield tag="005">20260407155514.0</controlfield>
  <controlfield tag="008">260407a1992    arg                 spa d</controlfield>
  <controlfield tag="003">AR-UNSa-BCEJYS</controlfield>
  <datafield tag="040" ind1=" " ind2=" ">
    <subfield code="a">AR-UNSa-BCEJYS</subfield>
    <subfield code="b">spa</subfield>
    <subfield code="c">AR-UNSa-BCEJYS</subfield>
  </datafield>
  <datafield tag="080" ind1=" " ind2=" ">
    <subfield code="a">336.1</subfield>
    <subfield code="x">Finanzas P&#xFA;blicas. Finanzas del gobierno en general
 
</subfield>
  </datafield>
  <datafield tag="245" ind1="1" ind2="0">
    <subfield code="a">Hacienda p&#xFA;blica</subfield>
    <subfield code="p">te&#xF3;rica y aplicada</subfield>
  </datafield>
  <datafield tag="020" ind1=" " ind2=" ">
    <subfield code="a">978-84-7615-756-5</subfield>
  </datafield>
  <datafield tag="250" ind1=" " ind2=" ">
    <subfield code="a">5a. ed</subfield>
  </datafield>
  <datafield tag="264" ind1=" " ind2="1">
    <subfield code="a">Madrid :</subfield>
    <subfield code="b">McGraw-Hill</subfield>
    <subfield code="c">1992</subfield>
  </datafield>
  <datafield tag="300" ind1=" " ind2=" ">
    <subfield code="a">xviii, 779 p.</subfield>
    <subfield code="c">24 cm.</subfield>
  </datafield>
  <datafield tag="505" ind1=" " ind2=" ">
    <subfield code="a">1. Las funciones fiscales: una panor&#xE1;mica - 2. El sector p&#xFA;blico en la contabilidad nacional - 3. Instituciones fiscales - 4. Provisi&#xF3;n de bienes p&#xFA;blicos - 5. Otra consideraci&#xF3;n de los bienes sociales - 6. Equidad en la distribuci&#xF3;n - 7. Elecci&#xF3;n p&#xFA;blica y pol&#xED;tica fiscal - 8. Gastos p&#xFA;blicos: estructura y crecimiento - 9. Evaluaci&#xF3;n del gasto: principios - 10. Estudios emp&#xED;ricos sobre pol&#xED;tica de gasto. Servicios p&#xFA;blicos - 11. Estudios emp&#xED;ricos sobre pol&#xED;tica de gasto. Mantenimiento de renta y seguridad social - 12. Introducci&#xF3;n a la imposici&#xF3;n - 13. Enfoques de la equidad tributaria - 14. Incidencia de los impuestos y de los gastos. Una panor&#xE1;mica - 15. Principios de la incidencia impositiva - 16. El exceso de gravamen y el dise&#xF1;o impositivo - 17. Efectos de la imposici&#xF3;n sobre la capacidad productiva: una perspectiva de oferta - 18. Desarrollo y composici&#xF3;n de la estructura tributaria de los Estados Unidos - 19. El impuesto sobre la renta personal: definici&#xF3;n de renta imponible - 20. Impuesto sobre la renta personal: otros problemas - 21. El impuesto sobre la renta de sociedades: estructura e integraci&#xF3;n - 22. El impuesto sobre la renta de sociedades: cuestiones adicionales - 23. Impuestos sobre el consumo - 24. Los impuestos sobre la propiedad y la riqueza - 25. Impuestos sucesivos - 26. El impuesto sobre las n&#xF3;minas - 27. Principios de la hacienda multijurisdiccional - 28. Principios de la hacienda federal - 29. La estructura del federalismo fiscal en los Estados Unidos - 30. Principios de la pol&#xED;tica de estabilizaci&#xF3;n - 31. otras cuestiones de pol&#xED;tica fiscal - 32. La econom&#xED;a de la deuda p&#xFA;blica - 33. Coordinaci&#xF3;n fiscal internacional - 34. Hacienda del desarrollo </subfield>
  </datafield>
  <datafield tag="942" ind1=" " ind2=" ">
    <subfield code="c">BK</subfield>
  </datafield>
  <datafield tag="590" ind1=" " ind2=" ">
    <subfield code="a">niveau_biblio:m niveau_hierar:0</subfield>
  </datafield>
  <datafield tag="100" ind1="1" ind2=" ">
    <subfield code="a">Musgrave, Richard A.</subfield>
  </datafield>
  <datafield tag="700" ind1="1" ind2=" ">
    <subfield code="a">Musgarve, Peggy B.</subfield>
  </datafield>
  <datafield tag="700" ind1="1" ind2=" ">
    <subfield code="a">Corona Ramon, Juan Francisco</subfield>
  </datafield>
  <datafield tag="700" ind1="1" ind2=" ">
    <subfield code="a">Costas Terrones, Juan Carlos</subfield>
  </datafield>
  <datafield tag="700" ind1="1" ind2=" ">
    <subfield code="a">Diaz Alvarez, Amelia</subfield>
  </datafield>
  <datafield tag="700" ind1="1" ind2=" ">
    <subfield code="a">Lozano Irueste, Jose Mar&#xED;a</subfield>
  </datafield>
  <datafield tag="856" ind1="4" ind2="1">
    <subfield code="u">https://www.biblioeco.unsa.edu.ar/pmb/images/libros/L128173.jpg</subfield>
    <subfield code="y">Imagen de portada</subfield>
    <subfield code="q">image/jpeg</subfield>
  </datafield>
  <datafield tag="999" ind1=" " ind2=" ">
    <subfield code="c">992</subfield>
    <subfield code="d">992</subfield>
  </datafield>
  <datafield tag="952" ind1=" " ind2=" ">
    <subfield code="0">0</subfield>
    <subfield code="1">0</subfield>
    <subfield code="4">0</subfield>
    <subfield code="7">0</subfield>
    <subfield code="a">BCEJYS</subfield>
    <subfield code="b">BCEJYS</subfield>
    <subfield code="c">16</subfield>
    <subfield code="d">2026-04-07</subfield>
    <subfield code="l">0</subfield>
    <subfield code="o">336.1 M987 5ed.</subfield>
    <subfield code="p">L86015</subfield>
    <subfield code="r">2026-04-07 15:55:14</subfield>
    <subfield code="w">2026-04-07</subfield>
    <subfield code="y">L</subfield>
  </datafield>
  <datafield tag="952" ind1=" " ind2=" ">
    <subfield code="0">0</subfield>
    <subfield code="1">0</subfield>
    <subfield code="4">0</subfield>
    <subfield code="7">0</subfield>
    <subfield code="a">BCEJYS</subfield>
    <subfield code="b">BCEJYS</subfield>
    <subfield code="c">16</subfield>
    <subfield code="d">2026-04-07</subfield>
    <subfield code="l">0</subfield>
    <subfield code="o">336.1 M987 5ed.</subfield>
    <subfield code="p">L86016</subfield>
    <subfield code="r">2026-04-07 15:55:14</subfield>
    <subfield code="w">2026-04-07</subfield>
    <subfield code="y">L</subfield>
  </datafield>
  <datafield tag="952" ind1=" " ind2=" ">
    <subfield code="0">0</subfield>
    <subfield code="1">0</subfield>
    <subfield code="4">0</subfield>
    <subfield code="7">0</subfield>
    <subfield code="a">BCEJYS</subfield>
    <subfield code="b">BCEJYS</subfield>
    <subfield code="c">16</subfield>
    <subfield code="d">2026-04-07</subfield>
    <subfield code="l">0</subfield>
    <subfield code="o">336.1 M987 5ed.</subfield>
    <subfield code="p">L86017</subfield>
    <subfield code="r">2026-04-07 15:55:14</subfield>
    <subfield code="w">2026-04-07</subfield>
    <subfield code="y">L</subfield>
  </datafield>
  <datafield tag="952" ind1=" " ind2=" ">
    <subfield code="0">0</subfield>
    <subfield code="1">0</subfield>
    <subfield code="4">0</subfield>
    <subfield code="7">0</subfield>
    <subfield code="a">BCEJYS</subfield>
    <subfield code="b">BCEJYS</subfield>
    <subfield code="c">16</subfield>
    <subfield code="d">2026-04-07</subfield>
    <subfield code="l">0</subfield>
    <subfield code="o">336.1 M987 5ed.</subfield>
    <subfield code="p">L128173</subfield>
    <subfield code="r">2026-04-07 15:55:14</subfield>
    <subfield code="w">2026-04-07</subfield>
    <subfield code="y">L</subfield>
    <subfield code="z">TAPA DOBLADA - </subfield>
  </datafield>
</record>
